LDR 01171nam a2200265 i 4500 001 000000367491 003 CaOOAMICUS 005 20260428111919.0 008 260428s2025 be u100 u eng u 020 $a978-90-429-5737-4 040 $aSeMil$bita 245 02$aA myth of historicity :$bresetting christian origins /$cedited by William Arnal. 264 1$aLeuven [etc.] :$bPeeters,$c2025. 300 $a77 p. ;$c24 cm 490 1 $aStudia patristica ;$v132 600 14$aVinzent, Markus <1959- >.$0(OLS)http://semarc/subject/60116 650 4$aCristianesimo - Origini.$0(OLS)http://semarc/subject/1287 700 1 $aArnal, William E.,$d<1967- >.$0(OLS)http://semarc/name/94007 830 0$aStudia patristica
;$v132.$0(OLS)http://semarc/title/22570 850 $aSeMil 852 $aSeMil$W1$xVenegono$y1$m2UA D 132$j271098$B258186$CSeMilBibl$Z2$F258186 $81 996 $6020$a978-90-429-5737-4$9(OLS)http://semarc/number/305774 996 $6245$aA myth of historicity :$bresetting christian origins$9(OLS)http://semarc/title/459439 996 $6264$aLeuven [etc.] :$bPeeters$9(OLS)http://semarc/publisher/32081